000 00597cam a2200205 4500500
005 20260329005627.0
041 _afre
042 _adc
100 1 0 _aLarmagnac-Matheron, Octave
_eauthor
245 0 0 _aSalaires décent… et indécent
260 _c2024.
500 _a18
690 _aArgent
690 _aDécence
690 _aPatronat
690 _aRémunération
690 _aSalaire
786 0 _nPhilosophie magazine | 180 | 6 | 2024-06-01 | p. 3-3 | 1951-1787
856 4 1 _uhttps://shs.cairn.info/magazine-philosophie-magazine-2024-6-page-3?lang=fr&redirect-ssocas=7080
999 _c1845082
_d1845082